Every G5 or Lower School in the AP Poll - Statistics

General Stats
  • This quiz has been taken 4 times
  • The average score is 4 of 5
Answer Stats
Conference Mens Or Womens Week in the Polls Team % Correct
Ivy Womens 11 Weeks (10 in a row) Princeton
100%
Mountain West Mens 1 Week Utah State
100%
MAC Mens 6 Weeks Miami Ohio
75%
A-10 Mens 6 Weeks St. Louis
75%
A-10 Womens 1 Week Richmond
50%
No matching quizzes found
Score Distribution
Percent of People with Each Score
Percentile by Number Answered
Your Score History
You have not taken this quiz